Shreve's Chemical Process Industries / (Record no. 564238)
[ view plain ]
| 000 -LEADER | |
|---|---|
| fixed length control field | 00392nam a2200145Ia 4500 |
| 008 - FIXED-LENGTH DATA ELEMENTS--GENERAL INFORMATION | |
| fixed length control field | 210430s9999 xx 000 0 und d |
| 020 ## - INTERNATIONAL STANDARD BOOK NUMBER | |
| International Standard Book Number | 978-1259029455 |
| 082 ## - DEWEY DECIMAL CLASSIFICATION NUMBER | |
| Classification number | 660 A9321 S |
| 100 ## - MAIN ENTRY--PERSONAL NAME | |
| Personal name | George T Austin |
| 245 ## - TITLE STATEMENT | |
| Title | Shreve's Chemical Process Industries / |
| Statement of responsibility, etc. | George T Austin |
| 250 ## - EDITION STATEMENT | |
| Edition statement | 5th edition |
| 260 ## - PUBLICATION, DISTRIBUTION, ETC. | |
| Place of publication, distribution, etc. | New York |
| Name of publisher, distributor, etc. | McGraw Hill |
| Date of publication, distribution, etc. | 1984 |
| 300 ## - PHYSICAL DESCRIPTION | |
| Extent | 859p. |
| 942 ## - ADDED ENTRY ELEMENTS (KOHA) | |
| Koha item type | Book |
| Source of classification or shelving scheme | |
| Withdrawn status | Lost status | Damaged status | Not for loan | Collection code | Permanent Location | Current Location | Shelving location | Date acquired | Total Checkouts | Total Renewals | Full call number | Barcode | Date last seen | Date last checked out | Price effective from | Koha item type |
|---|---|---|---|---|---|---|---|---|---|---|---|---|---|---|---|---|
| School of Chemical & Materials Engineering (SCME) | School of Chemical & Materials Engineering (SCME) | General Stacks | 12/11/7 | 1 | 4 | 660 A9321 S | SCME-3434 | 05/31/2024 | 03/05/2024 | 04/30/2021 | Book |
